Loading...
| Fine Arts - Painting and Sculpture | 2 | 4 | 1 | 1 | 65 | 75 | 108.50 | 2 | 3 | 13.51 | 29.69 |
| Religion | 0 | 3 | 1 | 0 | 25 | 103 | 120.67 | 0 | 1 | 4.79 | 15.92 |
| Fine Arts - Classical Music and Opera | 0 | 2 | 0 | 0 | 20 | 102 | 119.50 | 0 | 0 | 2.75 | 5.90 |
| Literature - British | 0 | 2 | 0 | 0 | 20 | 88 | 96.50 | 0 | 1 | 5.46 | 9.08 |
| Philosophy | 0 | 2 | 0 | 1 | 20 | 144 | 145.00 | 0 | 0 | 0.00 | 4.34 |
| History - World | 0 | 1 | 0 | 0 | 10 | 142 | 142.00 | 0 | 1 | -0.05 | 1.28 |
| Literature - World | 0 | 1 | 0 | 1 | 10 | 153 | 153.00 | 0 | 0 | -0.05 | 0.64 |
| Other Science (Earth Science) | 0 | 1 | 0 | 1 | 10 | 138 | 138.00 | 0 | 0 | 0.36 | 3.33 |
| History - American | 0 | 1 | 0 | 0 | 10 | 145 | 145.00 | 0 | 0 | 0.26 | 1.03 |
| Fine Arts - Other Arts | 0 | 1 | 1 | 0 | 5 | 142 | 142.00 | 0 | 0 | 0.11 | 1.54 |
| Literature - American | 0 | 1 | 1 | 1 | 5 | 154 | 154.00 | 0 | 0 | 0.05 | 1.10 |
| Science - Chemistry | 0 | 1 | 1 | 0 | 5 | 131 | 131.00 | 0 | 0 | 0.44 | 1.10 |
| Social Science | 0 | 0 | 0 | 0 | 0 | 0.00 | 0 | 0 | 0.00 | 0.00 | |
| History - Other | 0 | 0 | 1 | 0 | -5 | 0.00 | 0 | 0 | 0.00 | 0.00 | |
| Literature - European | 0 | 1 | 3 | 0 | -5 | 137 | 137.00 | 0 | 0 | 0.47 | 4.73 |